000
00263nam a22001097a 4500
082
_a
005.73 INM'O
100
_a
INMON, W.H
_9
62274
245
_a
OTACLE ,BUILDING HIGH PERFORMANCE ONLINE SYSTEMS
260
_a
\NEW DELHI
_b
BPB
_c
1981
300
_a
253P
942
_c
BK
999
_c
571432
_d
571432